| 000 | 00379nam a2200157Ia 4500 | ||
|---|---|---|---|
| 008 | 230917s9999||||xx |||||||||||||| ||und|| | ||
| 040 |
_e81315 _aMAIN |
||
| 041 | _aEnglish | ||
| 082 | _a342 U1A | ||
| 100 | _aUpadhayay, J J R | ||
| 245 | 0 | _aAdministrative law | |
| 250 | _a3rd ed. | ||
| 260 |
_aAllahabad _bCentral Law Agency _c1999 |
||
| 300 | _axxxiv, 460 p. | ||
| 942 | _cBK | ||
| 999 |
_c105473 _d105473 |
||